000 01168nam1a22003371 4500
001 RU\NLR\A1SV\58385
005 20260225112254.1
035 _a(NLR Aleph) 009740341
090 _a9941506
_c9941506
100 _a20080513d1925 u y0rusy50 ca
101 0 _arus
102 _aRU
200 1 _aНациональный и колониальный вопрос и РКП(б)
_eМатериалы и ст.
_fПод ред., с предисл. и прим. Г.И.Бройдо
_gМоск. ком. РКП(б)
210 _a[М.]
_cМоск. рабочий
_d1925
215 _d18 см
327 0 _aАвт.: Ленин, Сталин
620 _dМосква
702 1 _aСталин
_bИ. В.
_f1879-1953
_gИосиф Виссарионович
702 1 _aСталин
_bИ. В.
_f1879-1953
_gИосиф Виссарионович
702 1 _aБройдо
_bГ. И.
_f1885-1956
_gГригорий Исаакович
801 0 _aRU
_bNLR
_c20080513
852 _aNLR
_j17/234
899 _aРКП
899 _aРГБ
899 _aКирОУНБ
899 _aСОУНБ
942 _cBOOK
980 _aNB
980 _aA1SV
980 _aA1SV